இலங்கையில் முஸ்லீம் கல்வி : (Record no. 4354)

MARC details
000 -LEADER
fixed length control field 00935nam a22001697a 4500
003 - CONTROL NUMBER IDENTIFIER
control field LK-CoMWRAF
008 - FIXED-LENGTH DATA ELEMENTS--GENERAL INFORMATION
fixed length control field 231211b |||||||| |||| 00| 0 eng d
020 ## - INTERNATIONAL STANDARD BOOK NUMBER
International Standard Book Number 9556250107
040 ## - CATALOGING SOURCE
Original cataloging agency LK-CoMWRAF
Modifying agency LK-CoMWRAF
Description conventions LK-CoMWRAF
041 ## - LANGUAGE CODE
Language code of text/sound track or separate title Tamil
082 ## - DEWEY DECIMAL CLASSIFICATION NUMBER
Classification number 370
Item number ILA
942 ## - ADDED ENTRY ELEMENTS (KOHA)
Koha item type Books
111 ## - MAIN ENTRY--MEETING NAME
Meeting name or jurisdiction name as entry element Proceedings of the National Conference on Muslim Education in Sri Lanka
Location of meeting Colombo
Date of meeting 19-20 November, 1994.
700 ## - ADDED ENTRY--PERSONAL NAME
Personal name ஹஸ்புல்லா, எஸ்.எச்.
relator term editor
245 ## - TITLE STATEMENT
Title இலங்கையில் முஸ்லீம் கல்வி :
Remainder of title பெண் கல்வியும் உயர் கல்வியும் : இலங்கை முஸ்லீம்களின் கல்விநிலை தொடர்பான தேசிய கல்வி மாநாட்டுக்கு கட்டுரைகள்
260 ## - PUBLICATION, DISTRIBUTION, ETC. (IMPRINT)
Place of publication, distribution, etc. Colombo :
Name of publisher, distributor, etc. Muslim Women's Research and Action Forum - MWRAF,
Date of publication, distribution, etc. 2000
Holdings
Withdrawn status Lost status Damaged status Not for loan Collection code Permanent Location Current Location Date acquired Full call number Barcode Koha item type
        MWRAF Publications Resource center, Muslim Women's Research And Action Forum Resource center, Muslim Women's Research And Action Forum 2023-12-11 370 ILA RAF3368 Books
        MWRAF Publications Resource center, Muslim Women's Research And Action Forum Resource center, Muslim Women's Research And Action Forum 2023-12-11 370 ILA RAF3369 Books
        MWRAF Publications Resource center, Muslim Women's Research And Action Forum Resource center, Muslim Women's Research And Action Forum 2023-12-11 370 ILA RAF3370 Books

Copyright © 2023 Muslim Women's Research and Action Forum (MWRAF), No 27/3, Anderson Road, Kalubowila, Dehiwela. Funded by The Asia Fundation